Advances in international marketing
Αποθηκεύτηκε σε:
| Άλλοι συγγραφείς: | , |
|---|---|
| Μορφή: | Βιβλίο |
| Γλώσσα: | English |
| Δημοσίευση: |
Greenwich :
Jai Press,
1996
|
| Θέματα: | |
| Ετικέτες: |
Προσθήκη ετικέτας
Δεν υπάρχουν, Καταχωρήστε ετικέτα πρώτοι!
|
MARC
| LEADER | 00000nam a2200000 i 4500 | ||
|---|---|---|---|
| 001 | 1/59431 | ||
| 008 | 980529s1996 eng d | ||
| 020 | |a 0762301643 | ||
| 035 | |l 10028537 | ||
| 040 | |a GR-MY-UA |b gre |e aacr | ||
| 041 | 0 | |a eng | |
| 082 | 0 | |a 658.848 | |
| 245 | 1 | 0 | |a Advances in international marketing / |c edited by: Tage Koed Madsen |
| 260 | |a Greenwich : |b Jai Press, |c 1996 | ||
| 300 | |a ix, 205 p. | ||
| 650 | 0 | 0 | |a Export marketing |x Management. |
| 700 | 1 | |a Madsen, Tage Koed. |4 edt | |
| 700 | 1 | |a Cavusgil, S. Tamer. |4 edt | |
| 852 | |a INST |b CHIOS |e 19980529 |h 658.848 ADV |p 005200016399 |q 005200016399 |t BK |y 0 | ||
| 901 | |a BIBL-1998-2 | ||
| 909 | |a Χ |b 056233 | ||
| 922 | |a 2ΕΛΗ |b 199805 |c ΤΔΕ |d ΠΑΠΑΣΩΤΗΡΙΟΥ | ||